Orville Character Quiz - Statistics

General Stats
  • This quiz has been taken 53 times
  • The average score is 8 of 16
Answer Stats
Picture Answer % Correct
Bortus
94%
Isaac
85%
Ed Mercer
74%
Klyden
71%
Topa
62%
Yaphit
56%
John Lamar
53%
Kelly Grayson
53%
Gordon Malloy
44%
Ty Finn
38%
Charly Burke
32%
Claire Finn
32%
Marcus Finn
32%
Alara Kitan
29%
Dann
29%
Talla Keyali
18%
No matching quizzes found
Score Distribution
Percent of People with Each Score
Percentile by Number Answered
Your Score History
You have not taken this quiz